Guía de centros de enseñanza media de la Iglesia (Record no. 76412)

MARC details
000 -LEADER
campo de control de longitud fija 00566nam a2200169 i 4500
001 - NÚMERO DE CONTROL
campo de control 76412
003 - IDENTIFICADOR DE NÚMERO DE CONTROL
campo de control ES-MaACL
005 - FECHA Y HORA DE LA ÚLTIMA TRANSACCIÓN
campo de control 20230906172832.0
007 - CAMPO FIJO DE DESCRIPCIÓN FÍSICA--INFORMACIÓN GENERAL
campo de control de longitud fija t|
008 - DATOS DE LONGITUD FIJA--INFORMACIÓN GENERAL
campo de control de longitud fija 041001s1967 sp |||| | spa d
245 00 - MENCIÓN DEL TÍTULO
Título Guía de centros de enseñanza media de la Iglesia
Resto del título : 1967.
260 ## - PUBLICACIÓN, DISTRIBUCIÓN, ETC.
Lugar de publicación, distribución, etc. [Madrid :
Nombre del editor, distribuidor, etc. Federación Española de Religiosos de Enseñanza,
Fecha de publicación, distribución, etc. 1967]
300 ## - DESCRIPCIÓN FÍSICA
Extensión 295 p. ;
Dimensiones 21 cm.
650 #4 - PUNTO DE ACCESO ADICIONAL DE MATERIA--TÉRMINO DE MATERIA
Término de materia o nombre geográfico como elemento de entrada Enseñanza católica-
Subdivisión geográfica España-
Subdivisión de forma Directorios.
9 (RLIN) 160910
710 2# - ENTRADA AGREGADA--NOMBRE DE ENTIDAD CORPORATIVA
Nombre de entidad corporativa o nombre de jurisdicción como elemento de entrada Federación Española de Religiosos de Enseñanza.
9 (RLIN) 4105
852 ## - LOCALIZACIÓN
Ubicación ES-MaACL
Número de control de estantería C-32833
Holdings
Estatus retirado Estado de pérdida Estado de daño No para préstamo Biblioteca de origen Biblioteca actual Ubicación en estantería Fecha de adquisición Fuente de adquisición Total de préstamos Signatura topográfica completa Código de barras Visto por última vez Precio de reemplazo Tipo de ítem Koha
        Biblioteca del Ateneo de Madrid Biblioteca del Ateneo de Madrid Depósito 2 17/01/2008     C-32833 1079965 23/02/2023 23/02/2023 Libro impreso